Wrestlers with the most 5 star matches (WWE) - Statistics

General Stats
  • This quiz has been taken 129 times
    116 since last reset
  • The average score is 14 of 23
Answer Stats
Event(s) Name No. of Events % Correct
Money In The Bank 2011 John Cena 1
91%
WrestleMania X, WWF In Your House 18: Badd Blood Shawn Michaels 2
91%
WWF In Your House 18: Badd Blood The Undertaker 1
90%
Summerslam 1994, WrestleMania 13 Bret Hart 2
84%
NXT Takover: New Orleans, NXT Takeover: New York, NXT Takeover: XXV Adam Cole 3
83%
NXT Takeover: Philadelphia, NXT Takeover: New Orleans, NXT Takeover: New York, NXT Takeover: XXV Johnny Gargano 5
81%
Summerslam 1994 Owen Hart 1
78%
Money In The Bank 2011 CM Punk 1
77%
WrestleMania 13 Stone Cold Steve Austin 1
77%
NXT Takeover: New Orleans Tomasso Ciampa 1
67%
NXT UK Takeover: Cardiff, NXT UK (October 29th, 2020) WALTER 2
64%
NXT Takeover: Philadelphia Andrade "Cien" Almas 1
53%
WrestleMania X Razor Ramon 1
52%
NXT (July 11th, 2018), NXT UK Takeover: Cardiff Tyler Bate 2
52%
NXT Takeover: New Orleans Ricochet 1
48%
NXT Takeover: New Orleans Velveteen Dream 1
48%
NXT (July 11th, 2018) Roderick Strong 1
44%
NXT UK (October 29th, 2020) Ilja Dragunov 1
42%
NXT (July 11th, 2018) Kyle O'Reilly 1
42%
NXT Takeover: New Orleans EC3 1
37%
NXT Takeover: New Orleans Lars Sullivan 1
36%
NXT (July 11th, 2018) Trent Seven 1
32%
NXT Takeover: New Orleans Killian Dain 1
31%
No matching quizzes found
Score Distribution
Percent of People with Each Score
Percentile by Number Answered
Your Score History
You have not taken this quiz since the last reset